MARC details
| 000 -CABECERA |
| campo de control de longitud fija |
01174nam a2200229 a 4500 |
| 001 - NÚMERO DE CONTROL |
| campo de control |
000000119 |
| 005 - FECHA Y HORA DE LA ÚLTIMA TRANSACCIÓN |
| campo de control |
20260520104305.0 |
| 008 - DATOS DE LONGITUD FIJA--INFORMACIÓN GENERAL |
| campo de control de longitud fija |
081124s2007 dr a 000 0 spa d |
| 020 ## - NÚMERO INTERNACIONAL ESTÁNDAR DEL LIBRO |
| Número Internacional Estándar del Libro |
9945000322 |
| 020 ## - NÚMERO INTERNACIONAL ESTÁNDAR DEL LIBRO |
| Número Internacional Estándar del Libro |
9789945000320 |
| 040 ## - FUENTE DE LA CATALOGACIÓN |
| Centro catalogador/agencia de origen |
DO-SdBNP |
| Lengua de catalogación |
spa |
| Centro/agencia transcriptor |
BNPHU |
| 082 ## - NÚMERO DE LA CLASIFICACIÓN DECIMAL DEWEY |
| Número de clasificación |
327.2 |
| Número de documento/Ítem |
A473c |
| 100 ## - ENTRADA PRINCIPAL--NOMBRE DE PERSONA |
| Nombre de persona |
Álvarez, Ariel A., |
| Fechas asociadas al nombre |
1961- |
| 9 (RLIN) |
397 |
| 245 10 - MENCIÓN DE TÍTULO |
| Título |
Compendio de notas diplomáticas / |
| Mención de responsabilidad, etc. |
Ariel A. Álvarez. |
| 260 ## - PUBLICACIÓN, DISTRIBUCIÓN, ETC. |
| Lugar de publicación, distribución, etc. |
Santo Domingo : |
| Nombre del editor, distribuidor, etc. |
Secretaría de Estado de Cultura, |
| Fecha de publicación, distribución, etc. |
2007. |
| 300 ## - DESCRIPCIÓN FÍSICA |
| Extensión |
218 p. : |
| Otras características físicas |
il. ; |
| Dimensiones |
22 cm. |
| 505 0# - NOTA DE CONTENIDO CON FORMATO |
| Nota de contenido con formato |
Introducción -- |
| Título |
Prólogo -- |
| -- |
Definiciones -- |
| -- |
Las notas diplomáticas -- |
| -- |
Clasificación de las notas diplomáticas -- |
| -- |
Medios a través de los cuales se cursan las notas y otras comunicaciones diplomáticas -- |
| -- |
Apuntes para la redacción de las notas diplomáticas -- |
| -- |
Uso de abreviaturas en las notas diplomáticas -- |
| -- |
Apéndice A. Modelos de notas diplomáticas -- |
| -- |
Apéndice B. Notas históricas -- |
| -- |
Apéndice C. Consulta a la Real Academia Española -- |
| -- |
Referencias. |
| 590 ## - NOTA LOCAL (RLIN) |
| Nota local |
Inventariado, 2018/BT |
| 650 #0 - PUNTO DE ACCESO ADICIONAL DE MATERIA--TÉRMINO DE MATERIA |
| Término de materia o nombre geográfico como elemento de entrada |
Diplomacia |
| 9 (RLIN) |
398 |
| 650 #0 - PUNTO DE ACCESO ADICIONAL DE MATERIA--TÉRMINO DE MATERIA |
| Término de materia o nombre geográfico como elemento de entrada |
Relaciones internacionales |
| 9 (RLIN) |
399 |
| 910 ## - DATOS DE OPCIÓN DEL USUARIO (OCLC) |
| Datos de opción del usuario |
Validado. Control de calidad. MMOLINA |